00702 2200265 4500001002100000005001500021035002000036007000300056008004100059020002200100082001100122084001700133100001100150245008900161250001000250260003300260300003500293650002500328700000900353504002600362990001200388990001200400990001200412990001200424INLIS00000000000532120200630115150 a0010-0220000039ta200630 b 0 ind  a978-979-29-6198-0 a915.98 a915.98 ISM i0 aISMADI1 aIndonesia Mendunia :bWayang, Keris, dan Keajaiban yang Lain /cIsmadi; editor, Maya acet.1 aYogyakarta :bRainbow,c2017 aiv, 43 hlm. :bilus. ;c20 cm. 4aKEBUDAYAAN INDONESIA0 aMAYA aBibliografi : hlm. 43 a17019 A a17019 B a17019 C a17019 D